Central Library OPAC University of Rajshahi

Problem-solving discussions and conferences : (Record no. 33876)

MARC details
000 -LEADER
fixed length control field 01021nam a22003132a 4500
001 - CONTROL NUMBER
control field 33876
003 - CONTROL NUMBER IDENTIFIER
rucl marc code BD-RjUL
005 - DATE AND TIME OF LATEST TRANSACTION
control field 20211209052055.0
008 - FIXED-LENGTH DATA ELEMENTS--GENERAL INFORMATION
fixed length control field 140511t1963 nyua b 001 0 eng d
035 ## - SYSTEM CONTROL NUMBER
System control number (BD-RjUL)33968
040 ## - CATALOGING SOURCE
Original cataloging agency DLC
Transcribing agency DLC
Modifying agency COU
-- UKM
-- EQO
-- BD-RjUL
Language of cataloging eng
041 ## - LANGUAGE CODE
Language code of text/sound track or separate title eng
082 04 - DEWEY DECIMAL CLASSIFICATION NUMBER
Classification number 303.34
Author mark and year MAP 1963
100 1# - MAIN ENTRY--PERSONAL NAME
Personal name Maier, Norman R. F.
Fuller form of name (Norman Raymond Frederick),
Dates associated with a name 1900-1977
9 (RLIN) 46915
245 10 - TITLE STATEMENT
Title Problem-solving discussions and conferences :
Remainder of title leadership methods and skills /
Statement of responsibility, etc. Norman R.F. Maier
260 ## - PUBLICATION, DISTRIBUTION, ETC. (IMPRINT)
Place of publication, distribution, etc. New York :
Name of publisher, distributor, etc. McGraw-Hill,
Date of publication, distribution, etc. c1963.
300 ## - PHYSICAL DESCRIPTION
Pagination 261 p. :
Illustrations illus. ;
Size 24 cm
490 1# - SERIES STATEMENT
Series statement McGraw-Hill series in management
504 ## - BIBLIOGRAPHY, ETC. NOTE
Bibliography, etc Includes index.
650 #0 - SUBJECT ADDED ENTRY--TOPICAL TERM
Topical term or geographic name as entry element Leadership
9 (RLIN) 102906
Topical term or geographic name as entry element Small groups
9 (RLIN) 102907
Topical term or geographic name as entry element Interpersonal relations
9 (RLIN) 102908
Topical term or geographic name as entry element Leadership
9 (RLIN) 102909
Topical term or geographic name as entry element Interpersonal Relations
9 (RLIN) 102910
830 10 - SERIES ADDED ENTRY--UNIFORM TITLE
Uniform title McGraw-Hill series in management
942 ## - ADDED ENTRY ELEMENTS (KOHA)
Source of classification or shelving scheme Dewey Decimal Classification
Koha item type Books
Holdings
Lost status Source of classification or shelving scheme Damaged status Not for loan Collection code Permanent Location Current Location Shelving location Date acquired Source of acquisition Cost, normal purchase price Total Checkouts Full call number Date last seen Copy number Koha item type
  Dewey Decimal Classification   Not For Loan Non-fiction Central Library, University of Rajshahi Central Library, University of Rajshahi Reading Room 19/03/1966 Zeitlinger 0.00   303.34 MAP 1963 11/05/2014 C-1 Books